Countries with the lowest points on land - Statistics

General Stats
  • This quiz has been taken 31 times
  • The average score is 11 of 20
Answer Stats
Elevation (meters) Country % Correct
-86 (-281 ft) United States
89%
-28 (-92 ft) Russia
86%
-428 (-1,404 ft) Israel
82%
-428 (-1,404 ft) Jordan
79%
-154 (-505 ft) China
75%
-28 (-92 ft) Iran
68%
-214 (-702 ft) Syria
68%
-133 (-436 ft) Egypt
64%
-132 (-433 ft) Kazakhstan
64%
-125 (-410 ft) Ethiopia
57%
-75 (-246 ft) Eritrea
54%
-81 (-266 ft) Turkmenistan
50%
-105 (-344 ft) Argentina
46%
-28 (-92 ft) Azerbaijan
43%
-47 (-154 ft) Libya
43%
-40 (-131 ft) Algeria
39%
-155 (-509 ft) Djibouti
39%
-55 (-180 ft) Morocco
32%
-45 (-148 ft) Dominican Republic
14%
-34 (-112 ft) Peru
14%
No matching quizzes found
Score Distribution
Percent of People with Each Score
Percentile by Number Answered
Your Score History
You have not taken this quiz